000 00363nam a22001337a 4500
008 170523b xxu||||| |||| 00| 0 eng d
020 _a068807369
041 _aeng
080 _a94(7/8)
100 _a16
101 _aSHH
245 _aWITNESS FROM THE SHAH TO SECRET ARMS DEAL, AN INSIDER'S ACCOUNT OF U.S INVOLVEMENT IN IRAN
_cRAFIZADEH, M
942 _2udc
_cBK
999 _c13897
_d13897